Особенности накопления водорода в циркониевом сплаве Э110 при газофазном гидрировании; Физико-технические проблемы в науке, промышленности и медицине

Dettagli Bibliografici
Parent link:Физико-технические проблемы в науке, промышленности и медицине.— 2017.— [С. 30]
Autore principale: Бабихина М. Н. Мария Николаевна
Ente Autore: Национальный исследовательский Томский политехнический университет (ТПУ) Физико-технический институт (ФТИ) Кафедра общей физики (ОФ)
Altri autori: Кудияров В. Н. Виктор Николаевич, Сыртанов М. С. Максим Сергеевич
Riassunto:Заглавие с экрана
Lingua:russo
Pubblicazione: 2017
Serie:Международный и национальный опыт в совершенствовании культуры безопасности ядерных объектов
Soggetti:
Accesso online:http://earchive.tpu.ru/handle/11683/43122
Natura: MixedMaterials Elettronico Capitolo di libro
KOHA link:https://koha.lib.tpu.ru/cgi-bin/koha/opac-detail.pl?biblionumber=623871

MARC

LEADER 00000naa2a2200000 4500
001 623871
005 20240125104844.0
035 |a (RuTPU)RU\TPU\conf\22985 
035 |a RU\TPU\conf\22982 
090 |a 623871 
100 |a 20171003d2017 k y0rusy50 ca 
101 0 |a rus 
102 |a RU 
105 |a y z 101zy 
135 |a drcn ---uucaa 
181 0 |a i  
182 0 |a b 
200 1 |a Особенности накопления водорода в циркониевом сплаве Э110 при газофазном гидрировании  |f М. Н. Бабихина, В. Н. Кудияров, М. С. Сыртанов 
203 |a Текст  |c электронный 
225 1 |a Международный и национальный опыт в совершенствовании культуры безопасности ядерных объектов 
300 |a Заглавие с экрана 
320 |a [Библиогр.: с. 30 (4 назв.)] 
463 0 |0 (RuTPU)RU\TPU\conf\22967  |t Физико-технические проблемы в науке, промышленности и медицине  |o сборник тезисов докладов IX Международной научно-практической конференции, г. Томск, 21-22 сентября 2017 г.  |f Национальный исследовательский Томский политехнический университет (ТПУ) ; под ред. С. А. Байдали [и др.]  |v [С. 30]  |d 2017 
610 1 |a труды учёных ТПУ 
610 1 |a электронный ресурс 
610 1 |a цирконий 
610 1 |a сплавы 
610 1 |a водородное охрупчивание 
610 1 |a гидриды 
610 1 |a термодесорбционные исследования 
610 1 |a спектроскопия 
700 1 |a Бабихина  |b М. Н.  |c физик  |c техник Томского политехнического университета  |f 1994-  |g Мария Николаевна  |3 (RuTPU)RU\TPU\pers\37032 
701 1 |a Кудияров  |b В. Н.  |c физик  |c доцент Томского политехнического университета, кандидат технических наук  |f 1990-  |g Виктор Николаевич  |3 (RuTPU)RU\TPU\pers\30612  |9 14893 
701 1 |a Сыртанов  |b М. С.  |c физик  |c доцент, научный сотрудник Томского политехнического университета, кандидат технических наук  |f 1990-  |g Максим Сергеевич  |3 (RuTPU)RU\TPU\pers\34762  |9 18112 
712 0 2 |a Национальный исследовательский Томский политехнический университет (ТПУ)  |b Физико-технический институт (ФТИ)  |b Кафедра общей физики (ОФ)  |3 (RuTPU)RU\TPU\col\18734 
801 2 |a RU  |b 63413507  |c 20171006  |g RCR 
856 4 |u http://earchive.tpu.ru/handle/11683/43122 
942 |c BK